| 000 | 06782cam a22007094i 4500 | ||
|---|---|---|---|
| 003 | PE-LiUPU | ||
| 005 | 20250731172908.0 | ||
| 008 | 150706s2007 ag a r 000 0 spa d | ||
| 020 | _a987567317X | ||
| 020 | _a9789875673175 | ||
| 035 | _a(Sirsi) a166772 | ||
| 040 |
_aPE-LiUPU _bspa _cPE-LiUPU _erda |
||
| 049 | _aPRUA | ||
| 082 | 0 | 4 |
_a286.7325 _bCPI |
| 082 | 0 | 4 |
_aW286.7325 _bCPI 2007 |
| 100 | 1 |
_aWhite, Elena G. de, _eautor. |
|
| 245 | 1 | 0 |
_aConsejos para la iglesia : _bun manual de creencias doctrinales y vida cristiana / _cElena G. de White, dirigido por Aldo D. Orrego. |
| 264 | 1 |
_aBuenos Aires, Argentina : _bAsociación Casa Editora Sudamericana, _c2007. |
|
| 300 |
_a335 páginas ; _c20 centímetros. |
||
| 336 |
_atext _2rdacontent |
||
| 337 |
_aunmediated _2rdamedia |
||
| 338 |
_avolume _2rdacarrier |
||
| 500 | _aCubierta Flexible | ||
| 505 | 0 | _aUna visión de la recompensa de los fieles. -- El tiempo del fin -- Prepárate para encontrarte con tu Dios -- Unión con Cristo y amor fraternal -- Cristo nuestra justicia -- La vida santificada -- Dios tiene una obra para usted -- "Heme aquí, Señor, envíame a mí" -- Las publicaciones de la iglesia -- La creencia en un Dios personal -- Los cristianos deben representar a Dios -- En el mundo pero no del mundo -- La Biblia. Los testimonios para la iglesia -- El espíritu Santo -- Mantener despejada la conexión de Dios con el hombre -- Pureza de corazón y de vida -- La elección de esposo o esposa -- No se case con un incrédulo -- El matrimonio -- Un matrimonio feliz y de éxito -- La relación entre los esposos -- La madre y su hijo -- Los padres cristianos -- El hogar cristiano -- La infuencia espiritual en el hogar -- Las finanzas en el hogar -- Actividades de la familia durante los días de fiesta y los aniversarios -- La recreación -- Las vías de acceso a la mente que deben custodiarse -- La elección del material de lectura -- La música -- La crítica y sus efectos -- Consejos con respecto a la vestimenta -- Un llamado a la juventud -- La disciplina y la educación apropiada de nuestros hijos -- La educación cristiana -- El llamamiento a vivir una vida temperante -- La importancia de la limpieza -- El alimento que comemos -- Alimentos a base de carne -- Fedelidad en la reforma pro salud -- La iglesia en la tierra -- La organización de la iglesia -- La casa de Dios -- Cómo tratar con los que yerran -- La observancia del santo sábado de Dios -- Consejos sobre mayordomía -- La actitud cristiana hacia los necesitados y los dolientes -- Los cristianos en todo el mundo llegan a ser uno en Cristo -- Las reuniones de oración -- El bautismo -- La cena del Señor -- La oración por los enfermos -- La obra médica -- La relación con los que no son de nuestra fe -- Nuestras relaciones con las autoridades civiles y con las leyes -- La obra de engaño de satanás -- La falsa ciencia: el moderno vestido de luz de satanás -- Los milagros mentirosos de satanás -- La crísis venidera -- El tiempo del zarandeo -- Algunas cosas para recordar -- Cristo, nuestro gran sumo sacerdote -- Josué y el ángel -- "He aquí yo vengo pronto". | |
| 526 | _aSEG42 | ||
| 526 | _aSEG41 | ||
| 526 | _aSEG40 | ||
| 526 | _aSEG39 | ||
| 526 | _aP94 | ||
| 526 | _aP87 | ||
| 526 | _aP86 | ||
| 526 | _aP85 | ||
| 526 | _aP77 | ||
| 526 | _aP76 | ||
| 526 | _aP35 | ||
| 650 | 0 | 4 |
_aIASD _xDoctrinas _vCompilación. |
| 650 | 0 | 4 | _aIglesia Adventista. |
| 700 | 1 |
_aOrrego. Aldo D., _edirector. |
|
| 910 |
_aebj _bebj _cjck _d20170207 |
||
| 942 |
_2ddc _cBOOK |
||
| 949 |
_aW286.7325 CPI 2007 _wDEWEY _c1 _iFJ09436 _lCCODEBUJ1 _mBUJ _p5.00 _r0 _sY _tBOOK _u2018-06-27 _xSALUD _zENFERMERÍA _o.STAFF. Colección General Juliaca |
||
| 949 |
_aW286.7325 CPI 2007 _wDEWEY _c2 _iFJ09437 _lCCODEBUJ1 _mBUJ _p5.00 _r0 _sY _tBOOK _u2018-06-27 _xSALUD _zENFERMERÍA _o.STAFF. Colección General Juliaca |
||
| 949 |
_aW286.7325 CPI 2007 _wDEWEY _c3 _iFJ09438 _lCCODEBUJ1 _mBUJ _p5.00 _r0 _sY _tBOOK _u2018-06-27 _xSALUD _zENFERMERÍA _o.STAFF. Colección General Juliaca |
||
| 949 |
_aW286.7325 CPI 2007 _wDEWEY _c4 _iFJ09439 _lCCODEBUJ1 _mBUJ _p5.00 _r0 _sY _tBOOK _u2018-06-27 _xSALUD _zENFERMERÍA _o.STAFF. Colección General Juliaca |
||
| 949 |
_aW286.7325 CPI 2007 _wDEWEY _c5 _iFJ09440 _lCCODEBUJ1 _mBUJ _p5.00 _r0 _sY _tBOOK _u2018-06-27 _xSALUD _zENFERMERÍA _o.STAFF. Colección General Juliaca |
||
| 949 |
_aW286.7325 CPI 2007 _wDEWEY _c6 _iFJ09441 _lCCODEBUJ1 _mBUJ _p5.000 _r0 _sY _tBOOK _u2018-06-27 _xSALUD _zENFERMERÍA _o.STAFF. Colección General Juliaca |
||
| 949 |
_aW286.7325 CPI 2007 _wDEWEY _c7 _iFJ09442 _lCCODEBUJ1 _mBUJ _p5.00 _r0 _sY _tBOOK _u2018-06-27 _xSALUD _zENFERMERÍA _o.STAFF. Colección General Juliaca |
||
| 949 |
_aW286.7325 CPI 2007 _wDEWEY _c8 _iFJ09443 _lCCODEBUJ1 _mBUJ _p5.00 _r0 _sY _tBOOK _u2018-06-27 _xSALUD _zENFERMERÍA _o.STAFF. Colección General Juliaca |
||
| 994 |
_aC0 _bPEPRU |
||
| 596 | _a1 3 | ||
| 999 |
_a286.7325 CPI 2007 _wLC _c15511 _i75411 _d15511 _e2017-5-29 _f2021-11-11 _g5 _lCCODEBUL1 _mBUL _n1 _p5.00 _q5 _r0 _sY _tBOOK _u2017-2-7 _xTEOLOGIA _PP35 _0DONACION _o.STAFF. Colección Teología |
||
| 999 |
_aW286.7325 CPI 2007 _wDEWEY _c1 _iFJ09436 _d2018-7-4 _f2022-2-2 _g4 _lCCODEBUJ1 _mBUJ _p5.00 _q1 _r0 _sY _tBOOK _u2017-12-7 _xBIBLIOTECA _zUNKNOWN _0COMPRA _o.STAFF. Colección General Juliaca |
||
| 999 |
_aW286.7325 CPI 2007 _wDEWEY _c2 _iFJ09437 _d2018-7-4 _f2022-2-2 _g4 _lCCODEBUJ1 _mBUJ _q1 _r0 _sY _tBOOK _u2017-12-7 _xBIBLIOTECA _zUNKNOWN _0COMPRA _o.STAFF. Colección General Juliaca |
||
| 999 |
_aW286.7325 CPI 2007 _wDEWEY _c3 _iFJ09438 _d2018-9-10 _f2022-2-2 _g4 _lCCODEBUJ1 _mBUJ _p5.00 _q2 _r0 _sY _tBOOK _u2017-12-7 _xBIBLIOTECA _zUNKNOWN _0COMPRA _o.STAFF. Colección General Juliaca |
||
| 999 |
_aW286.7325 CPI 2007 _wDEWEY _c4 _iFJ09439 _d2019-11-13 _f2022-2-2 _g4 _lCCODEBUJ1 _mBUJ _p5.00 _q2 _r0 _sY _tBOOK _u2017-12-7 _xBIBLIOTECA _zUNKNOWN _0COMPRA _o.STAFF. Colección General Juliaca |
||
| 999 |
_aW286.7325 CPI 2007 _wDEWEY _c5 _iFJ09440 _d2018-10-24 _f2022-2-2 _g4 _lCCODEBUJ1 _mBUJ _p5.00 _q2 _r0 _sY _tBOOK _u2017-12-7 _xBIBLIOTECA _zUNKNOWN _0COMPRA _o.STAFF. Colección General Juliaca |
||
| 999 |
_aW286.7325 CPI 2007 _wDEWEY _c6 _iFJ09441 _d2018-7-4 _f2022-2-2 _g4 _lCCODEBUJ1 _mBUJ _p5.00 _q1 _r0 _sY _tBOOK _u2017-12-7 _xBIBLIOTECA _zUNKNOWN _0COMPRA _o.STAFF. Colección General Juliaca |
||
| 999 |
_aW286.7325 CPI 2007 _wDEWEY _c7 _iFJ09442 _d2018-7-4 _e2018-6-14 _f2022-2-2 _g4 _lCCODEBUJ1 _mBUJ _n1 _p5.00 _q2 _r0 _sY _tBOOK _u2017-12-7 _xBIBLIOTECA _zUNKNOWN _0COMPRA _o.STAFF. Colección General Juliaca |
||
| 999 |
_aW286.7325 CPI 2007 _wDEWEY _c8 _iFJ09443 _d2019-9-4 _f2022-2-2 _g4 _lCCODEBUJ1 _mBUJ _p5.00 _q2 _r0 _sY _tBOOK _u2017-12-7 _xBIBLIOTECA _zUNKNOWN _0COMPRA _o.STAFF. Colección General Juliaca |
||
| 980 |
_81 _gALBERTO SANCHEZ Responsable de Automatización |
||